| 000 | 01719cam a2200481 i 4500 | ||
|---|---|---|---|
| 999 |
_c2499 _d2499 |
||
| 001 | 18036925 | ||
| 003 | GZU | ||
| 005 | 20201102131931.0 | ||
| 007 | ta | ||
| 008 | 130510s2013 ii ab g b 000 0 eng d | ||
| 010 | _a 2013319379 | ||
| 020 | _a9788179935309 (paperback) | ||
| 025 | _aI-E-2013-319379; 49-90 | ||
| 035 | _a(OCoLC)ocn844240195 | ||
| 035 | _a(OCoLC)844240195 | ||
| 037 | _aLibrary of Congress -- New Delhi Overseas Office | ||
| 040 |
_aDKAGE _beng _erda _cDKAGE _dDLC |
||
| 041 | 1 |
_aeng _hfre |
|
| 042 |
_alccopycat _alcode |
||
| 050 | 0 | 0 |
_aHM 821 _bGEN 2013 |
| 082 | 0 | 4 |
_a305 _223 |
| 245 | 0 | 0 |
_aReducing inequalities : _ba sustainable development challenge / _cRémi Genevey, Rajendra K. Pachauri, Laurence Tubiana. |
| 264 | 1 |
_aDelhi : _bTERI, _c2013. |
|
| 300 |
_a271 pages : _bcolor illustrations, color maps ; _c23 cm |
||
| 336 |
_atext _btxt _2rdacontent |
||
| 337 |
_aunmediated _bn _2rdamedia |
||
| 338 |
_avolume _bnc _2rdacarrier |
||
| 490 | 0 | _aPlanet for life | |
| 500 | _a"Agence Française de Dévelopment, IDDRI." | ||
| 504 | _aIncludes bibliographical references. | ||
| 650 | 0 |
_aSustainable development _xPolitical aspects. |
|
| 650 | 0 | _aEquality. | |
| 650 | 0 | _aIncome distribution. | |
| 700 | 1 |
_aGenevey, Rémi, _eeditor. |
|
| 700 | 1 |
_aPachauri, R. K., _eeditor. |
|
| 700 | 1 |
_aTubiana, Laurence, _eeditor. |
|
| 710 | 2 | _aEnergy and Resources Institute. | |
| 710 | 2 | _aAgence française de développement. | |
| 710 | 2 | _aInstitut du développement durable et des relations internationales. | |
| 906 |
_a7 _bcbc _ccopycat _d3 _encip _f20 _gy-gencatlg |
||
| 942 |
_2lcc _cBK _h821 _iGEN _kHM |
||